LEADER 00918nam0 2200301 450 001 000024724 005 20090320092145.0 010 $a88-359-2940-7 100 $a20090320d1986----km-y0itay50------ba 101 0 $aita 102 $aIT 105 $aa-------001yy 200 1 $aCome si prende una decisione$fVittorio Silvestrini 210 $aRoma$cEditori Riuniti$d1986 215 $a133 p.$cill.$d20 cm 225 2 $aLibri di base$v102 410 0$12001$aLibri di base 500 10$aCome si prende una decisione$944064 610 1 $aPianificazione 610 1 $aAziende$aScelte operative 610 1 $aDecisione 676 $a658.40301$v19$9Decisioni aziendali. Filosofia e teoria 700 1$aSilvestrini,$bVittorio$0359 801 0$aIT$bUNIPARTHENOPE$c20090320$gRICA$2UNIMARC 912 $a000024724 951 $a110/12$bCNR-75$cNAVA2 996 $aCome si prende una decisione$944064 997 $aUNIPARTHENOPE